Countries with More People than California - Sudden Death - Statistics

General Stats
  • This quiz has been taken 52 times
  • The average score is 9 of 16
Answers on the Grid
Answers color-coded by a green-red scale on the quiz's grid according to % correct below.
Australia
Austria
Bangladesh
Belgium
Brazil
Canada
Chad
Chile
Colombia
DR Congo
Finland
Germany
Ghana
Haiti
Italy
Japan
Kazakhstan
Kenya
Monaco
Mongolia
Nauru
Pakistan
Portugal
Qatar
Rwanda
Saudi Arabia
South Korea
Taiwan
Tanzania
United Kingdom
United States
Uruguay
Venezuela
Vietnam
Yemen
 
Answer Stats
Answer % Correct
Brazil
86%
Japan
82%
Bangladesh
75%
DR Congo
75%
United States
71%
Germany
68%
Pakistan
64%
Italy
54%
United Kingdom
54%
Colombia
46%
Vietnam
43%
Tanzania
39%
Kenya
36%
South Korea
32%
Canada
25%
Yemen
4%
No matching quizzes found
Score Distribution
Percent of People with Each Score
Percentile by Number Answered
Your Score History
You have not taken this quiz